000 00933nam a2200289 i 4500
001 000038910
003 DO-SdBNP
005 20250321073606.0
007 ta
008 130503s2004 dr 001 f spa d
020 _a994540511X
040 _aDO-SdBNP
_bspa
_cBNPHU
_erda
082 4 _aRD863.44
_bP426m
_222
100 1 _aPeralta Romero, Rafael,
_d1948-
_eautor
_979774
245 1 0 _aMemorias de Enárboles Cuentes :
_bnovela /
_cRafael Peralta Romero.
264 _aSanto Domingo :
_bManatí,
_c2004.
300 _a119 páginas ;
_c21 cm.
336 _2rdacontent
_atexto
_btxt
337 _2rdamedia
_asin mediación
_bn
338 _2rdacarrier
_avolumen
_bnc
500 _aIncluye datos biográficos del autor en la solapa de la cubierta.
590 _aInventariado, 2020 /LP
650 0 _aNovela dominicana
_9223
650 0 _aLiteratura dominicana.
_967
910 _aValidado. Control de calidad EMS
942 _2ddc
_cLBS1
999 _c38400
_d38400